La Jeune fille Violaine (Registro nro. 307841)
[ vista simple ]
| 000 -ENCABEZADO | |
|---|---|
| Número de control [NR] | 01330nam a2200253 4500 |
| 005 - FECHA Y HORA DE LA ÚLTIMA TRANSACCIÓN | |
| control field | 20171023111453.0 |
| 008 - DE LONGITUD FIJA DE DATOS DE ELEMENTOS - INFORMACIÓN GENERAL | |
| Elementos de longitud fija [NR] | 171023b1926 fr |||fr|||| 001 d fre d |
| 040 ## - FUENTE DE CATALOGACION [NR] | |
| Agencia de catalogación original [NR] | CO-BoUCM |
| Idioma de catalogación [NR] | spa |
| Quien Cataloga | Sandra Yazo |
| Quien Clasifica | Sandra Yazo |
| 041 0# - CODIGO DE IDIOMA [R] | |
| Código de idioma para texto/pista de sonido o título separado [R] | Francés |
| 082 04 - NUMERO DE CLASIFICACION DECIMAL DEWEY [R] | |
| Número de la edición [NR] | 20 |
| Número de clasificación [R] | 842 |
| 092 ## - SIGNATURA TOPOGRAFICA LOCAL | |
| Número de clasificación local | E44N051 |
| 100 1# - ASIENTO PRINCIPAL--NOMBRE PERSONAL [NR] | |
| Nombre personal [NR] | Claudel, Paul |
| Fechas asociadas con el nombre [NR] | 1868-1955 |
| ID Autoridad | 51975 |
| 242 03 - TRADUCCION DEL TITULO POR LA AGENCIA CATALOGADORA [R] | |
| Título [NR] | La joven Violaine |
| Parte restante del título [NR] | (Primera versión inédita, de 1892) |
| Mención de responsabilidad, etc. [NR] | Pablo Claudel ; Prefacio de Jean Royère |
| Código de idioma del título traducido [NR] | spa |
| 245 13 - MENCION DE TITULO [NR] | |
| Título [NR] | La Jeune fille Violaine |
| Parte restante del título [NR] | (Première versión inédite de 1892) |
| Mención de responsabilidad, etc. [NR] | Paul Claudel ; Préface de Jean Royère |
| 260 ## - PUBLICACION, DISTRIBUCION, ETC. (PIE DE IMPRENTA) [R] | |
| Lugar de publicación, distribución, etc. [R] | París (Francia) |
| Nombre del editor, distribuidor, etc. [R] | Éditions Excelsior. Imprimerie Omnes & Cie. [Ediciones Excelsior. Impresora Omnes y Compañía] |
| Fecha de publicación, distribución, etc. [R] | 1926 |
| 300 ## - DESCRIPCION FISICA [R] | |
| Extensión [R] | xi, 168 páginas |
| Dimensiones [R] | 18 x 12 cm. |
| 500 ## - NOTA GENERAL [R] | |
| Nota general [NR] | Detalles físicos: Encuadernación rígida (holandesa) en cartón duro, forrado en papel jaspeado. Lomo de tela texturizada, con adornos en dorado. Guardas. Anteportada. Portada impresa en una sola tinta con la marca tipográfica del editor. Texto impreso en una sola columna, con diversos tipos de letra. Papel con oxidación |
| 505 0# - NOTA DE CONTENIDO CON FORMATO PREESTABLECIDO [R] | |
| Nota de contenido con formato preestablecido [NR] | Acto 1 - 4 |
| 546 ## - NOTA DE IDIOMA [R] | |
| Nota de idioma [NR] | Texto en francés |
| 650 #7 - ASIENTO SECUNDARIO DE MATERIA - TERMINO TEMATICO [R] | |
| 9 (RLIN) | 7794 |
| Término temático o nombre geográfico como elemento de entrada [NR] | Literatura francesa |
| 650 #7 - ASIENTO SECUNDARIO DE MATERIA - TERMINO TEMATICO [R] | |
| Término temático o nombre geográfico como elemento de entrada [NR] | Teatro francés |
| Subdivisión cronológica [R] | Siglo XIX - XX |
| 9 (RLIN) | 87893 |
| 690 ## - ASUNTO AGREGADO LOCAL DE ENTRADA - TÉRMINO TEMÁTICO (OCLC, RLIN) | |
| Acceso temático local | Literatura europea |
| 9 (RLIN) | 26524 |
| 942 ## - ELEMENTOS DE ENTRADA AGREGADOS (KOHA) | |
| Sistema de clasificación | LOCAL |
| Tipo de ítem principal el descrito en 300a | Libro |
| Edición | 1 |
| Clasificación | E44N051 |
| Suprimido | Perdido | Sistema de clasificación | Dañado | No prestable | Tipo de ítem específico | Ubicación habitual | Ubicación actual | Localización | Fecha de creación | Forma de adquisición | Costo | Total préstamos | Signatura topográfica | Código de barras | Última vez visto | Ejemplar | Price effective from | Tipo de ítem |
|---|---|---|---|---|---|---|---|---|---|---|---|---|---|---|---|---|---|---|
| LOCAL | Libro archivo | Archivo Histórico | Archivo Histórico | Archivo histórico | 23/10/2017 | Donación | 0.00 | E44N051 | L006358 | 23/10/2017 | Ej.1 | 23/10/2017 | Libro |